00471nam a2200157Ia 4500999001700000003000400017005001700021008004100038040000900079082002400088100004800112245004500160260004500205300000900250942005400259 c20113d20113OSt20200602144957.0190216s9999||||xx |||||||||||||| ||und|| coclc a333.33509544bSHA/A1 aSharma, B. K.91147d1954-q(Brij Kishore), 0aAgrarian Movement In India /cB K Sharma bPrateeksha Publication, c1987.aJaipur: a158p cBK2ddch333.33509544iSHA/Ak333.33509544mSHA/A